Hệ thống điều hòa không khí và thông gió

Gardado en:
Detalles Bibliográficos
Autor Principal: BÙI HẢI
Formato: Libro
Idioma:Undetermined
Publicado: KHKT 2001
Các nhãn: Engadir etiqueta
Sen Etiquetas, Sexa o primeiro en etiquetar este rexistro!
Thư viện lưu trữ: Trung tâm Học liệu Trường Đại học Cần Thơ
LEADER 00447nam a2200145Ia 4500
001 CTU_48353
008 210402s9999 xx 000 0 und d
082 |a 621.56 
082 |b H103 
100 |a BÙI HẢI 
245 0 |a Hệ thống điều hòa không khí và thông gió 
245 0 |c BÙI HẢI, Hà Mạnh Thư, Vũ Xuân Hùng 
260 |b KHKT 
260 |c 2001 
980 |a Trung tâm Học liệu Trường Đại học Cần Thơ